| 000 | 01110nam a2200241 a 4500 | ||
|---|---|---|---|
| 001 | 79038 | ||
| 003 | BD-RjUL | ||
| 005 | 20211220152240.0 | ||
| 008 | 211220s2021 bg ||||| |||| 00| 0 ben d | ||
| 020 |
_a9789844583580 _c: Tk. 560.00 |
||
| 035 | _a(BD-RjUL)79038 | ||
| 040 |
_aBD-RjUL _beng _cBD-RjUL |
||
| 041 | _aben | ||
| 082 |
_223 _a954.92051 _bUZM 2021 |
||
| 100 |
_aউজ্জামান, মোহাম্মদ ফায়েক _9283 |
||
| 245 |
_aমুজিবনগর সরকার ১৯৭১ / _cমোহাম্মদ ফায়েক উজ্জামান |
||
| 300 |
_a২১৪ পৃ.; _c২২ সেমি. |
||
| 490 |
_aবাংলাদেশের জন-ইতিহাস গ্রন্থামালা _v: ১০ |
||
| 650 |
_aমুজিবনগর (বাংলাদেশ) _xরাজনীতি ও সরকার _y১৯৭১ _9284 |
||
| 650 |
_aMujibnagar (Bangladesh) _xPolitics and government _y1971 _9285 |
||
| 830 |
_aবাংলাদেশের জন-ইতিহাস গ্রন্থামালা _v: ১০ _9286 |
||
| 942 |
_2ddc _cBK |
||
| 999 |
_c79038 _d79038 |
||